000 00812cam a22002055a 4500
001 L156229
008 120509s1550 xxk f 000 0 eng d
035 _a(Sirsi) u156229
041 0 _aeng
100 1 _aAlberti, Leon Battista
_d1404-1472
245 0 0 _aL' architettura di Leonbatista Alberti
_btradotta in lingua florentina da Cosimo Bartoli ; con la aggiunta de disegni
260 _a[Firenze
_bAppresso L. Torrentino
_c1550]
300 _a404, [22] p.
_bill.
_c35 cm. (fol.).
520 _aText completed: 1452; first published as De re aedificatoria: Firenze : Nicolaus Laurentii, Alamanus, 1485.
520 _aTranslation of: "De re aedificatoria".
583 _aCondition reviewed
_c20120620
_lcondition level 2
651 4 _aItalia = Italy
_y1992-
690 _aDesign and specification
942 _n0
999 _c114114
_d114114